| 000 | 00623nam a22001457a 4500 | ||
|---|---|---|---|
| 020 | _a978-81-291-4449-2 | ||
| 082 |
_a823 _bBON/P |
||
| 100 | _aBOND, RUSKIN | ||
| 245 | _aPARTY TIME IN MUSSOORIE | ||
| 260 |
_aDELHI _bRUPA PUBLICATIONS _c2016 |
||
| 300 | _a132 | ||
| 520 | _aParty time in Mussoorie by Ruskin Bond is quite a lovable book which has chapters based on some or the other event in the life of the author. Mr Bond affectionately describes the importance of a Postman in a writers life, writes about Cricket and his cousin's mental illness surrounding Ranji. | ||
| 650 |
_aCHILDRENS STORY BOOK _zINDIA |
||
| 942 | _cBK | ||
| 999 |
_c2750 _d2750 |
||